Coal Consuming Countries Quiz Stats

 Plays Quiz not verified by Sporcle

Challenge
Share
Tweet
Embed
Score 0/10 Timer 03:00
0 Plays Today
Continent Country % Correct
AsiaChina
99.8%
EuropeRussia
93.4%
AsiaIndia
92.7%
EuropeGermany
91.8%
OceaniaAustralia
91.6%
AsiaJapan
89.7%
North AmericaUnited States
82.7%
AfricaSouth Africa
80.6%
EuropePoland
72.4%
AsiaSouth Korea
70.8%

You're not logged in!

Compare scores with friends on all Sporcle quizzes.
Join for Free
OR
Log In

You Might Also Like...

Show Comments

Extras

Created Oct 17, 2010ReportNominate
Tags:Country Quiz, coal, consumer

Top Quizzes Today


Score Distribution

Your Account Isn't Verified!

In order to create a playlist on Sporcle, you need to verify the email address you used during registration. Go to your Sporcle Settings to finish the process.

Report this User

Report this user for behavior that violates our Community Guidelines.

Details: